| 000 | 00654nam a22002177a 4500 | ||
|---|---|---|---|
| 999 |
_c22413 _d22413 |
||
| 003 | OSt | ||
| 005 | 20220608102820.0 | ||
| 008 | 220602b ||||| |||| 00| 0 spa d | ||
| 020 | _a9786124346750 | ||
| 040 | _cBiblioteca Municipal de Cusco | ||
| 082 |
_a869.56/C938D3 _bC938D3 |
||
| 100 |
_aCueto, Alonso _d1954- _948064 |
||
| 245 |
_aDemonio del mediodía / _cAlonso Cueto |
||
| 250 | _aPrimera edición | ||
| 260 |
_aLima : _bDebolsillo, _c2019. |
||
| 300 |
_a418 páginas. : _c19 cm. |
||
| 490 | _aContemporánea / Debolsillo | ||
| 650 |
_aNovelas peruanas _ySiglo XX _947961 |
||
| 830 |
_aContemporánea (Debolsillo) _948082 |
||
| 942 |
_2ddc _cLIBROS |
||